| Поле | Название | Значение |
| |
Тип записи |
a |
| |
Библиографический уровень |
m |
| 001 |
Контрольный номер |
RU\infra-m\znanium\bibl\1154325 |
| 005 |
Дата корректировки |
20230313235225.5 |
| 008 |
Кодируемые данные |
200722s2020 RU g rus u |
| 020 |
Индекс ISBN |
__ |
| a |
ISBN |
978-5-8154-0491-5 |
| 040 |
Источник каталогиз. |
__ |
| a |
Служба первич. каталог. |
Общество с ограниченной ответственностью «ЗНАНИУМ» |
| 041 |
Код языка издания |
__ |
| a |
Код языка текста |
rus |
| 044 |
Код страны публикации |
__ |
| a |
Код страны публикации |
RU |
| 080 |
Индекс УДК |
__ |
| a |
Индекс УДК |
008 |
| 080 |
Индекс УДК |
__ |
| a |
Индекс УДК |
792 |
| 084 |
Индекс другой классификации/Индекс ББК |
__ |
| 2 |
Источник индекса |
rubbk |
| a |
Индекс другой классификации/Индекс ББК |
8533 |
| 084 |
Индекс другой классификации/Индекс ББК |
__ |
| 2 |
Источник индекса |
okso |
| a |
Индекс другой классификации/Индекс ББК |
52.05.01 |
| 084 |
Индекс другой классификации/Индекс ББК |
__ |
| 2 |
Источник индекса |
okso |
| a |
Индекс другой классификации/Индекс ББК |
52.05.02 |
| 084 |
Индекс другой классификации/Индекс ББК |
__ |
| 2 |
Источник индекса |
okso |
| a |
Индекс другой классификации/Индекс ББК |
52.05.03 |
| 084 |
Индекс другой классификации/Индекс ББК |
__ |
| 2 |
Источник индекса |
okso |
| a |
Индекс другой классификации/Индекс ББК |
52.03.05 |
| 100 |
Автор |
__ |
| a |
Автор |
Басалаев Сергей Николаевич |
| q |
Полное имя |
Сергей Николаевич |
| 245 |
Заглавие |
__ |
| a |
Заглавие |
Теория и практика театрального творчества: сценическое общение |
| b |
Продолж. заглавия |
Учебно-методическая литература |
| c |
Ответственность |
Кемеровский государственный институт культуры |
| 260 |
Выходные данные |
__ |
| a |
Место издания |
Кемерово |
| b |
Издательство |
ФГБОУ ВО "Кемеровский государственный институт культуры" |
| c |
Дата издания |
2019 |
| 300 |
Физическое описание |
__ |
| a |
Объем |
235 с. |
| 520 |
Аннотация |
__ |
| a |
Аннотация |
Учебно-методическое пособие содержит теоретический и практический материей по профильной дисциплине «Теория и практика театрального творчества». Пособие представляет интерес для студентов театральных специальностей и направлений учебных заведений культуры и искусства театральных педагогов руководителей любительских театров педагогов театральных студий актеров режиссеров и всех кого волнуют проблемы театрального творчества. |
| 521 |
Примеч. о цел. назн. |
__ |
| a |
Примеч. о целев. назн. |
ВО - Бакалавриат |
| 650 |
Тематические рубрики |
__ |
| a |
Основная рубрика |
Архитектура. Искусство |
| x |
Основная подрубрика |
Театр |
| 700 |
Другие авторы |
__ |
| a |
Другие авторы |
Григорьянц Наталья Валентиновна |
| q |
Полное имя |
Наталья Валентиновна |
| 856 |
Электронный адрес документа |
4_ |
| a |
Имя сервера/домена |
znanium.com |
| m |
Помощь |
ebs_support@infra-m.ru |
| n |
Местонахождение сервера |
НИЦ ИНФРА-М |
| u |
URL |
https://znanium.com/catalog/document?id=361100 |
| 856 |
Электронный адрес документа |
41 |
| a |
Имя сервера/домена |
znanium.com |
| d |
Путь |
/cover/1154 |
| f |
Электронное имя |
1154325.jpg |
| q |
Тип электронного формата |
image/jpeg |
| u |
URL |
https://znanium.com/cover/1154/1154325.jpg |
| 911 |
|
__ |
| u |
|
0030=https://znanium.com/catalog/document?id=361100 |
| 911 |
|
__ |
| u |
|
608a=Учебно-методическая литература |
| u |
|
6082=local |
| 911 |
|
__ |
| u |
|
9034=325 |
| 911 |
|
__ |
| u |
|
951p=s://znanium.com/catalog/document?id=361100&pid= |